Évangile et Providence : Une théologie de l’action de Dieu (notice n° 1638735)
[ vue normale ]
| 000 -LEADER | |
|---|---|
| fixed length control field | 01014cam a2200133 4500500 |
| 005 - DATE AND TIME OF LATEST TRANSACTION | |
| control field | 20260201002939.0 |
| 041 ## - LANGUAGE CODE | |
| Language code of text/sound track or separate title | fre |
| 042 ## - AUTHENTICATION CODE | |
| Authentication code | dc |
| 100 10 - MAIN ENTRY--PERSONAL NAME | |
| Personal name | Durand, Emmanuel |
| Relator term | author |
| 245 00 - TITLE STATEMENT | |
| Title | Évangile et Providence : Une théologie de l’action de Dieu |
| 260 ## - PUBLICATION, DISTRIBUTION, ETC. | |
| Name of publisher, distributor, etc. | Éditions du Cerf,<br/> |
| Date of publication, distribution, etc. | 2014.<br/> |
| 520 ## - SUMMARY, ETC. | |
| Summary, etc. | Est-il encore possible de lire l’action de Dieu, au quotidien et au long cours, dans les coeurs et dans l’histoire ? Pour envisager l’action de Dieu dans ce monde tel qu’il est, bouleversé par le mal, et non pas dans un monde théoriquement pur, il faut repartir des Écritures. La Bible est pragmatique. Elle oriente la théologie vers une conception pascale de la Providence. Dieu aurait-il pris congé de ce monde-ci ? Une théologie de l’action de Dieu, illuminée autour des Justes, invite à l’espérer et le confesser là où il semblait absent ou silencieux. |
| 856 41 - ELECTRONIC LOCATION AND ACCESS | |
| Uniform Resource Identifier | <a href="https://shs.cairn.info/evangile-et-providence--9782204102018?lang=fr&redirect-ssocas=7080">https://shs.cairn.info/evangile-et-providence--9782204102018?lang=fr&redirect-ssocas=7080</a> |
Pas d'exemplaire disponible.




Réseaux sociaux